| 000 | 00586nam a2200181 i 4500 | ||
|---|---|---|---|
| 001 | 29787 | ||
| 003 | ES-MaACL | ||
| 007 | t| | ||
| 008 | 030122s1916 ag ||||1| spa d | ||
| 100 | 1 |
_aBarroetaveña, Francisco A. _926036 |
|
| 245 | 1 | 0 |
_aAlemania contra el mundo / _cpor Francisco A. Barroetaveña ; prólogo biográfico por el poeta Pedro B. Palacios. |
| 260 |
_aBuenos Aires : _bOtero, _c1916. |
||
| 300 |
_aXII, 639 p., 1 lám. ; _c19 cm. |
||
| 700 | 0 |
_aAlmafuerte, _d1854-1917 _9236057 |
|
| 852 |
_aES-MaACL _jG-3276 |
||
| 942 | _2udc | ||
| 999 |
_c29787 _d29787 |
||